000 00332 a2200157 4500
001 65688
020 _a9788580572872
040 _cAnchieta - Pituba
100 _aKhan, Salman
240 1 0 _aUm mundo, uma escola
_lpor
245 1 0 _aUm mundo, uma escola
300 _a255
362 0 _a2013
650 4 _aEducação
942 _cBK
999 _c65688
_d65688